000 nam a22 7a 4500
999 _c24143
_d24143
008 170128b xxu||||| |||| 00| 0 eng d
050 _aND588 .K5K493 1962
100 _aKlee, Felix
245 _aPaul Klee, his life and work in documents, selected from posthumous writings and unpublished letters./
_cFelix Klee; Paul Klee
260 _aNew York :
_b G. Braziller,
_c 1962.
300 _ax, p. :
_biil. ;
_c25cm.
500 _aincludes index.
700 _aKlee, Paul
942 _2lcc
_cBOOKS
_hND588 .K5K493 1962